Interpretación de las parábolas
保存先:
| 第一著者: | |
|---|---|
| フォーマット: | 図書 |
| 言語: | スペイン語 |
| 出版事項: |
Pamplona
Verbo Divino
1982
|
| 版: | 2a. ed |
| シリーズ: | Buena Noticia, 12
|
| 主題: | |
| タグ: |
タグ追加
タグなし, このレコードへの初めてのタグを付けませんか!
|
MARC
| LEADER | 00000nam a2200000 a 4500 | ||
|---|---|---|---|
| 001 | UCL1266 | ||
| 003 | CL-VaPUC | ||
| 008 | 030905e19820000SP |||||||||||||||||spa|d | ||
| 020 | |a 8471510111 | ||
| 082 | 0 | 4 | |a 226.806 |b JER |2 21 |
| 100 | |a Jeremias, Joachim |e autor |9 317204 | ||
| 245 | 1 | 0 | |a Interpretación de las parábolas |
| 250 | |a 2a. ed | ||
| 300 | |a 216 p | ||
| 942 | |c BK | ||
| 945 | |d 20030905 00:00:00 |a vberengu | ||
| 260 | |a Pamplona |b Verbo Divino |c 1982 | ||
| 650 | 0 | |a Textos sagrados |9 257605 | |
| 650 | 0 | |a Parábolas |9 313604 | |
| 650 | 7 | |a PARABOLAS BIBLICAS |2 CL-VaPUC |9 313605 | |
| 583 | |a last modification |c 20130402 08:05:44 |k Rodrigo Vera | ||
| 490 | 0 | |a Buena Noticia, 12 | |
| 999 | |c 304910 |d 304908 | ||
| 952 | |0 0 |1 0 |4 0 |6 226_806000000000000_JER_1982 |7 0 |8 A |9 367742 |a BIBTEO |b BIBTEO |d 2019-11-21 |i 2076705 |o 226.806 JER 1982 |p 2076705 |r 2025-01-17 |w 2019-11-21 |y BK |k ICR | ||